000
00231nam a2200097Ia 4500
008
240331s9999 xx 000 0 und d
082
_b
RAJ
100
_a
Rajathurai, S.V.
245
0
_a
Russiap puradchi Illakkiya chadchiyam
942
_c
L
999
_c
2399
_d
2399